000 00706nam a2200217Ii 4500
003 JO-AjNU
008 230605s9999||||xx |||||||||||||| ||und||
017 _a1993/8/853
040 _aJO-AjNU
_bara
_erda
_cJO-AjNU
041 _aara
050 1 4 _aPJ6151.S5864 1996
100 3 _aالشوملي، علي,
_eauthor
_957217
245 0 0 _aفي اللغة والنحو، القسم الأول
250 _aط2/مزيدة ومنقحة
264 3 1 _aاربد: دار الامل للنشر والتوزيع، 1996
300 _a211ص
336 _atext
_btxt
_2rdacontent
337 _aunmediated
_bn
_2rdamedia
338 _avolume
_bnc
_2rdacarrier
650 4 _aاللغة العربية- نحو
_957218
999 _aA25626
_c29194
_d29194